[Event "TCh-TUR Super League 2014"]
[Site "Kocaeli TUR"]
[Date "2014.08.28"]
[Round "12.2"]
[Board "3"]
[White "Annaberdiev, Meilis"]
[Black "Gagunashvili, Merab"]
[Result "0-1"]
[WhiteTitle "IM"]
[BlackTitle "GM"]
[WhiteElo "2439"]
[BlackElo "2573"]
[WhiteTeam "Akdeniz Belediyesi Spor Kulubu"]
[BlackTeam "Turk Hava Yollari Spor Kulubu"]
[WhiteFideId "14000563"]
[BlackFideId "13601652"]
[EventDate "2014.08.18"]

1. e4 c5 2. Nf3 e6 3. d4 cxd4 4. Nxd4 a6 5. Nc3 b5 6. Bd3 Qb6 7. Nb3 Qc7 8. O-O
Nf6 9. Qe2 d6 10. a4 b4 11. Na2 Nc6 12. Bd2 Rb8 13. Rae1 Be7 14. Bxa6 Nxe4 15.
Bb5 Nxd2 16. Qxd2 Bd7 17. Nxb4 Nxb4 18. Qxb4 Bxb5 19. axb5 d5 20. Qa4 Qb6 21.
Nd4 Bf6 22. Rd1 O-O 23. c3 g6 24. Rfe1 Qc5 25. g3 Rfc8 26. Rd2 Ra8 27. Qd1 Qb6
28. Qf3 Kg7 29. h4 h5 30. g4 hxg4 31. Qxg4 Rh8 32. Nf3 Qxb5 33. Qg3 Qc4 34. Qg2
Rh5 35. Qg3 Rah8 36. Red1 Qc6 37. Ra1 e5 38. Ra7 Qe6 39. Re2 Qf5 40. Kg2 e4 41.
Nd4 Bxd4 42. cxd4 Rxh4 0-1

[Event "TCh-TUR Super League 2014"]
[Site "Kocaeli TUR"]
[Date "2014.08.28"]
[Round "12.2"]
[Board "4"]
[White "Kerigan, Demre"]
[Black "Annaberdiyev, Babageldi"]
[Result "1/2-1/2"]
[WhiteTitle "FM"]
[BlackTitle "FM"]
[WhiteElo "2343"]
[BlackElo "2238"]
[WhiteTeam "Turk Hava Yollari Spor Kulubu"]
[BlackTeam "Akdeniz Belediyesi Spor Kulubu"]
[WhiteFideId "6307841"]
[BlackFideId "14000385"]
[EventDate "2014.08.18"]

1. e4 c5 2. Nf3 d6 3. Bb5+ Nc6 4. Bxc6+ bxc6 5. O-O Bg4 6. h3 Bh5 7. e5 e6 8.
exd6 Bxd6 9. d3 Nf6 10. Nbd2 O-O 11. Qe2 a5 12. a4 Nd5 13. Ne4 Bxf3 14. Qxf3 Nb4
15. Qe2 Be7 16. Be3 Qd5 17. Nc3 Qd7 18. Rad1 Rfd8 19. Rfe1 Rab8 20. d4 Qa7 21.
dxc5 Bxc5 22. Bf4 Rbc8 23. Ne4 Be7 24. Be3 Qc7 25. Rxd8+ Rxd8 26. Rd1 h6 27. c3
Nd5 28. Rd2 f5 29. Nc5 Nxe3 30. Nxe6 Rxd2 31. Qxd2 Nc4 32. Qe2 Qe5 33. Qxc4 Qe1+
34. Kh2 Bd6+ 35. f4 Kh7 36. Nc5 Qf2 37. Nd3 Qe2 38. Qd4 Bb8 39. b4 axb4 40. cxb4
Qd2 41. b5 c5 42. Qc4 Bc7 43. Qxc5 Bxf4+ 44. Nxf4 Qxf4+ 45. Kh1 Qxa4 46. Qxf5+
Kh8 47. Qc8+ Kh7 48. Qb8 g5 49. b6 g4 50. Qc7+ Kg6 51. b7 gxh3 52. Qg3+ Kh7 53.
b8=Q hxg2+ 54. Kxg2 Qc2+ 55. Qf2 Qe4+ 56. Qf3 Qc2+ 57. Kh3 1/2-1/2

[Event "TCh-TUR Super League 2014"]
[Site "Kocaeli TUR"]
[Date "2014.08.28"]
[Round "12.2"]
[Board "5"]
[White "Dogan, Nazmi Can"]
[Black "Kayar, Mehmet Erdem"]
[Result "1/2-1/2"]
[WhiteElo "2135"]
[BlackElo "1964"]
[WhiteTeam "Akdeniz Belediyesi Spor Kulubu"]
[BlackTeam "Turk Hava Yollari Spor Kulubu"]
[WhiteFideId "6309658"]
[BlackFideId "6301797"]
[EventDate "2014.08.18"]

1. d4 d5 2. Bf4 Nc6 3. e3 Bf5 4. c4 e5 5. dxe5 Bxb1 6. Rxb1 Bb4+ 7. Ke2 dxc4 8.
Qc2 Qd3+ 9. Qxd3 cxd3+ 10. Kxd3 O-O-O+ 11. Ke4 Nge7 12. Bc4 Rhf8 13. a3 Ba5 14.
Ne2 f5+ 15. exf6 gxf6 16. Rhd1 Rde8 17. Be6+ Kb8 18. Bd7 f5+ 19. Kd3 Rd8 20. Kc2
Rg8 21. Ng3 Rdf8 22. Rd3 Ng6 23. Bxc6 Nxf4 24. Rb3 Bb6 25. Bf3 Ng6 26. Bd5 Rg7
27. Nh5 Re7 28. g3 c6 29. Bg2 Ne5 30. h3 Nc4 31. Rc3 Nd6 32. Rd3 Ne4 33. Bxe4
fxe4 34. Rd2 Bc7 35. Rbd1 Rf5 36. Nf4 Bxf4 37. exf4 Rc5+ 38. Kb1 Rh5 39. h4 Kc7
40. Rc1 Rh6 41. Rc3 Rhe6 42. Re3 b6 43. Kc2 c5 44. Rde2 b5 45. g4 Rh6 46. h5 Rg7
47. Rg3 Re6 48. f5 Re5 49. f4 Rxf5 50. gxf5 Rxg3 51. f6 Rg8 52. Rxe4 Kd8 53. Re6
Re8 54. Ra6 Rf8 55. Kd3 Rf7 56. Ke4 Ke8 57. Kd5 c4 58. Rc6 Rb7 59. Ke6 Rb8 60.
Rc7 Rb6+ 61. Kf5 b4 62. Rxc4 bxa3 63. bxa3 Rb5+ 64. Kg4 Ra5 65. Rc7 h6 66. Re7+
Kf8 67. Rh7 Rxa3 68. Rxh6 Kf7 69. Kg5 Ra5+ 70. f5 Ra1 71. Rh7+ Kf8 72. Rb7 Rg1+
73. Kh6 a5 74. Ra7 a4 75. Rxa4 Kf7 76. Ra6 Rh1 77. Rd6 Rf1 78. Kh7 Rxf5 79. h6
Rg5 80. Ra6 Rg1 81. Ra7+ Kxf6 82. Rg7 Rh1 83. Ra7 Rb1 84. Ra8 Rb7+ 85. Kg8 Kg6
86. Ra6+ Kh5 87. h7 Rb8+ 88. Kg7 Rb7+ 89. Kg8 Rb8+ 90. Kg7 Rb7+ 91. Kf6 Rxh7 1/2-1/2

[Event "TCh-TUR Super League 2014"]
[Site "Kocaeli TUR"]
[Date "2014.08.28"]
[Round "12.2"]
[Board "6"]
[White "Yaka, Beyza"]
[Black "Yildiz, Betul Cemre"]
[Result "0-1"]
[BlackTitle "WGM"]
[WhiteElo "1560"]
[BlackElo "2296"]
[WhiteTeam "Turk Hava Yollari Spor Kulubu"]
[BlackTeam "Akdeniz Belediyesi Spor Kulubu"]
[WhiteFideId "6303641"]
[BlackFideId "6302920"]
[EventDate "2014.08.18"]

1. e4 e5 2. Nf3 Nc6 3. Bc4 Nf6 4. Nc3 Nxe4 5. Nxe4 d5 6. Bxd5 Qxd5 7. d3 Bf5 8.
Ng3 Bg4 9. h3 Bxf3 10. Qxf3 Qxf3 11. gxf3 Nd4 12. Kd1 Nxf3 13. c3 Be7 14. Nf5
Bf6 15. Ke2 Nh4 16. Nxh4 Bxh4 17. Rg1 g6 18. Be3 O-O-O 19. a4 Kb8 20. b4 f5 21.
b5 Rhe8 22. f3 Re6 23. Rgd1 Be7 24. Ra2 g5 25. Rad2 Rh6 26. Rh1 Rh4 27. c4 g4
28. fxg4 fxg4 29. Rdd1 g3 30. Rdg1 e4 31. d4 Rg8 32. Rg2 Rg6 33. Bd2 Bf6 34. Be3
Kc8 35. Kd2 Rh5 36. Ke2 b6 37. Kd2 Rf5 38. Ke2 Bh4 39. Rf1 Rgf6 40. Rgg1 Rf3 41.
Rd1 h6 42. d5 Bg5 43. Bxg5 hxg5 44. Rd4 Ra3 45. Rdd1 Rf2+ 46. Ke1 0-1

[Event "TCh-TUR Super League 2014"]
[Site "Kocaeli TUR"]
[Date "2014.08.28"]
[Round "12.2"]
[Board "7"]
[White "Koksal, Ege"]
[Black "Soysal, Serkan"]
[Result "1/2-1/2"]
[WhiteTitle "CM"]
[WhiteElo "2219"]
[BlackElo "2261"]
[WhiteTeam "Akdeniz Belediyesi Spor Kulubu"]
[BlackTeam "Turk Hava Yollari Spor Kulubu"]
[WhiteFideId "6317626"]
[BlackFideId "6349250"]
[EventDate "2014.08.18"]

1. d4 d5 2. c4 c6 3. Nc3 Nf6 4. Nf3 e6 5. Bg5 h6 6. Bxf6 Qxf6 7. e3 Nd7 8. Rc1
g6 9. Be2 Qe7 10. O-O Bg7 11. Qc2 O-O 12. Rfd1 Re8 13. a3 dxc4 14. Bxc4 b6 15.
Qe2 a6 16. b4 Bb7 17. e4 b5 18. Ba2 a5 19. Qb2 axb4 20. axb4 Bf8 21. Rb1 Nb6 22.
Ne1 Red8 23. e5 Na4 24. Nxa4 bxa4 25. Nd3 Ba6 26. Nc5 Bb5 27. Qc3 Qa7 28. Ra1
Qc7 29. h4 h5 30. Rac1 Bh6 31. Rc2 Qe7 32. Qg3 Kh8 33. Qf3 Qxh4 34. Qxf7 Rxd4
35. Rxd4 Qxd4 36. Qxg6 Qa1+ 37. Kh2 Qxe5+ 38. g3 Qg5 39. Qxe6 h4 40. Ne4 hxg3+
41. Nxg3 Rf8 42. Kg2 Qf4 43. Bc4 Bxc4 44. Qxc4 Qf3+ 45. Kh2 Rf4 46. Qxc6 Qxc6
47. Rxc6 Rxf2+ 48. Kh3 Bf4 49. Ra6 Rb2 50. Nh5 Rxb4 51. Nxf4 Rxf4 1/2-1/2

[Event "TCh-TUR Super League 2014"]
[Site "Kocaeli TUR"]
[Date "2014.08.28"]
[Round "12.2"]
[Board "8"]
[White "Ozturk, Hilal"]
[Black "Aslan, Cagla Yaren"]
[Result "1-0"]
[WhiteElo "1816"]
[BlackElo "1760"]
[WhiteTeam "Turk Hava Yollari Spor Kulubu"]
[BlackTeam "Akdeniz Belediyesi Spor Kulubu"]
[WhiteFideId "6315330"]
[BlackFideId "6324878"]
[EventDate "2014.08.18"]

1. e4 c5 2. c3 Nf6 3. e5 Nd5 4. d4 cxd4 5. Nf3 Nc6 6. Bc4 Nb6 7. Bb3 g6 8. Ng5
d5 9. exd6 e6 10. cxd4 Bxd6 11. Be3 Be7 12. Ne4 Nb4 13. Bh6 Bd7 14. O-O Bc6 15.
Nbc3 Bf6 16. a3 N4d5 17. Re1 Qe7 18. a4 Nxc3 19. bxc3 Bxe4 20. Rxe4 Bg5 21. Bg7
Rg8 22. Be5 Bf6 23. Bxf6 Qxf6 24. a5 Nd7 25. Rb1 Qf5 26. Qe1 Kf8 27. Ba4 Nf6 28.
Re5 Qf4 29. h3 Rb8 30. Qe2 Nd5 31. Qd3 Kg7 32. Ree1 Rgc8 33. c4 Ne7 34. Bb3 Qf5
35. Qd2 Rd8 36. d5 exd5 37. Qb2+ Qf6 38. Rxe7 dxc4 39. Bxc4 Qxb2 40. Rxb2 Rd1+
41. Kh2 Rc8 42. Bxf7 Kf6 43. Rexb7 h5 44. h4 Rcc1 45. Rxa7 g5 46. Rb6+ Kf5 47.
Bg6+ Kf4 48. Rf7+ Ke5 49. Re7+ Kd5 50. Rd7+ Kc5 51. Rc7+ Kd5 52. Rxc1 Rxc1 53.
hxg5 1-0

[Event "TCh-TUR Super League 2014"]
[Site "Kocaeli TUR"]
[Date "2014.08.28"]
[Round "12.2"]
[Board "9"]
[White "Altundal, Aram"]
[Black "Akdogan, Alperen"]
[Result "1/2-1/2"]
[WhiteElo "1795"]
[BlackElo "1792"]
[WhiteTeam "Akdeniz Belediyesi Spor Kulubu"]
[BlackTeam "Turk Hava Yollari Spor Kulubu"]
[WhiteFideId "6353711"]
[BlackFideId "6347363"]
[EventDate "2014.08.18"]

1. e4 Nf6 2. e5 Nd5 3. c4 Nb6 4. d4 d6 5. exd6 exd6 6. Nc3 Be7 7. h3 O-O 8. Nf3
Bf5 9. Be2 Bf6 10. Be3 Nc6 11. O-O Re8 12. Qd2 d5 13. b3 dxc4 14. bxc4 Na5 15.
c5 Nbc4 16. Bxc4 Nxc4 17. Qe2 Na5 18. Qb5 b6 19. cxb6 Qc8 20. Qxa5 axb6 21. Qb4
Bxh3 22. Bf4 c5 23. Qc4 Qg4 24. Bg3 Ra3 25. Rfe1 Rc8 26. Nh2 Qxd4 27. Qxd4 Bxd4
28. Rac1 Bxc3 29. Re3 Bb2 30. Rc2 Rxa2 31. gxh3 Ra1+ 32. Kg2 Bd4 33. Rb3 c4 34.
Rb4 b5 35. Rxb5 c3 36. Be5 Bxe5 37. Rxe5 g6 38. Re3 Ra3 39. Ng4 Kg7 40. Rd3 h5
41. Ne3 Ra7 42. Rdxc3 Rxc3 43. Rxc3 Rd7 44. Kf3 Ra7 45. h4 Ra4 46. Rc4 Ra7 47.
Kf4 Rb7 48. Kg3 Ra7 49. f4 Ra3 50. Kf3 Kh7 51. f5 Ra7 52. Kf4 Kg7 53. fxg6 fxg6
54. Nd5 Kh6 55. Ke5 Rf7 56. Rf4 Ra7 57. Rf6 Kg7 58. Re6 Ra5 59. Re7+ Kh6 60. Rd7
Ra4 61. Nf4 Ra5+ 62. Ke6 g5 63. hxg5+ Kxg5 64. Nd5 Kg4 65. Rg7+ Kf3 66. Rh7 Kg4
67. Rg7+ Kf3 68. Rh7 Kg4 69. Nf6+ Kh4 70. Rg7 Rg5 71. Ra7 Kh3 72. Ne4 Rb5 73.
Ra3+ Kg4 74. Nf6+ Kh4 75. Ra1 Kg3 76. Ra3+ Kg2 77. Ra2+ Kg3 78. Ra3+ Kg2 79. Ra4
Kg3 1/2-1/2

[Event "TCh-TUR Super League 2014"]
[Site "Kocaeli TUR"]
[Date "2014.08.28"]
[Round "12.2"]
[Board "10"]
[White "Kaymaz, Lena Nur"]
[Black "Temel, Burcu Melis"]
[Result "0-1"]
[WhiteElo "1687"]
[BlackElo "1753"]
[WhiteTeam "Turk Hava Yollari Spor Kulubu"]
[BlackTeam "Akdeniz Belediyesi Spor Kulubu"]
[WhiteFideId "6359990"]
[BlackFideId "6345492"]
[EventDate "2014.08.18"]

1. d4 d5 2. Nf3 e6 3. e3 f5 4. Bd3 Nf6 5. c4 c6 6. O-O Bd6 7. b3 Qe7 8. Bb2 O-O
9. Qc1 Ne4 10. Ba3 Bxa3 11. Nxa3 Nd7 12. Ne5 Qh4 13. Nb1 g5 14. Bxe4 dxe4 15. f3
exf3 16. Rxf3 g4 17. Rf2 g3 18. hxg3 Qxg3 19. Rf3 Qg7 20. Nxd7 Bxd7 21. Qe1 Rf6
22. Nd2 Rg6 23. Rf2 Kh8 24. Nf3 Rg8 25. Qe2 Be8 26. Rd1 Rg3 27. Rd2 Bh5 28. Qf1
Qh6 29. d5 cxd5 30. cxd5 Qxe3 31. Re2 Rxg2+ 32. Kh1 Bxf3 33. Qa1+ R2g7+ 34. Rg2
Qxe2 0-1

[Event "TCh-TUR Super League 2014"]
[Site "Kocaeli TUR"]
[Date "2014.08.28"]
[Round "12.3"]
[Board "1"]
[White "Guner, Sati Emre"]
[Black "Haznedaroglu, Kivanc"]
[Result "0-1"]
[BlackTitle "GM"]
[WhiteElo "2041"]
[BlackElo "2471"]
[WhiteTeam "Aliaga Genclik VE Spor Kulubu Dernegi"]
[BlackTeam "T.S. Alyans Satranc Spor Kulubu"]
[WhiteFideId "6304192"]
[BlackFideId "6300634"]
[EventDate "2014.08.18"]

1. e4 c5 2. Nf3 a6 3. Nc3 d6 4. d4 cxd4 5. Nxd4 Nf6 6. Bc4 e6 7. Bb3 Nbd7 8. O-O
Nc5 9. f4 Qc7 10. Qe2 Be7 11. e5 Nxb3 12. Nxb3 dxe5 13. fxe5 Nd5 14. Nxd5 exd5
15. Bf4 Be6 16. Nd4 O-O 17. Kh1 b5 18. Qh5 Bc5 19. Nf3 Qd7 20. Rad1 b4 21. h3
Bf5 22. Rd2 Bg6 23. Qh4 Rac8 24. Rfd1 Qa4 25. Rxd5 Qxa2 26. Rd8 Rcxd8 27. Rxd8
Qxb2 28. Rxf8+ Bxf8 29. Qd8 Qxc2 30. e6 Qc5 31. Nd4 Qe7 32. Qb6 Qf6 33. Bd6 Qf1+
34. Kh2 Be4 35. exf7+ Kxf7 36. Nf3 Bxf3 37. gxf3 Qe2+ 38. Kg3 Qe1+ 0-1

[Event "TCh-TUR Super League 2014"]
[Site "Kocaeli TUR"]
[Date "2014.08.28"]
[Round "12.3"]
[Board "2"]
[White "Arduman, Can"]
[Black "Yasar, Ugur"]
[Result "1-0"]
[WhiteTitle "IM"]
[WhiteElo "2347"]
[BlackElo "1777"]
[WhiteTeam "T.S. Alyans Satranc Spor Kulubu"]
[BlackTeam "Aliaga Genclik VE Spor Kulubu Dernegi"]
[WhiteFideId "6300022"]
[BlackFideId "6324754"]
[EventDate "2014.08.18"]

1. d4 e6 2. c4 b6 3. Nf3 f5 4. g3 Bb7 5. Bg2 Nf6 6. O-O Be7 7. d5 O-O 8. Nd4 Qc8
9. Nc3 Bb4 10. Qb3 Bxc3 11. bxc3 Na6 12. Ba3 Re8 13. Rad1 Ne4 14. Qc2 Nac5 15.
Nb3 d6 16. f3 Nf6 17. Bxc5 dxc5 18. e4 fxe4 19. fxe4 e5 20. h3 Qd7 21. Nd2 Ba6
22. Rf5 Rad8 23. a4 Qd6 24. a5 Bc8 25. Rf2 Bd7 26. Ra1 c6 27. axb6 axb6 28. Ra6
cxd5 29. cxd5 Bb5 30. Ra2 Ra8 31. c4 Bd7 32. Kh2 Rxa2 33. Qxa2 b5 34. cxb5 Bxb5
35. Bf1 Bxf1 36. Rxf1 Qb8 37. Rb1 Qa8 38. Qc2 Nd7 39. Nc4 Rf8 40. Kg2 Qd8 41.
Qe2 Qf6 42. Rb7 Rd8 43. Ne3 Nf8 44. Qb2 Rd7 45. Rb8 Rf7 46. Nf5 h6 47. Re8 Kh7
48. Qxe5 Qa6 49. Qb2 g6 50. Rxf8 1-0

[Event "TCh-TUR Super League 2014"]
[Site "Kocaeli TUR"]
[Date "2014.08.28"]
[Round "12.3"]
[Board "3"]
[White "Ozkan, Ufuk"]
[Black "Topak, Engin"]
[Result "0-1"]
[BlackTitle "FM"]
[WhiteElo "1717"]
[BlackElo "2208"]
[WhiteTeam "Aliaga Genclik VE Spor Kulubu Dernegi"]
[BlackTeam "T.S. Alyans Satranc Spor Kulubu"]
[WhiteFideId "6349218"]
[BlackFideId "6300324"]
[EventDate "2014.08.18"]

1. d4 Nf6 2. Nf3 g6 3. Nc3 Bg7 4. e4 d6 5. Bg5 h6 6. Bh4 g5 7. Bg3 Nh5 8. Qd2
Nd7 9. O-O-O c6 10. e5 Nxg3 11. hxg3 Nb6 12. Bd3 Be6 13. Qe2 Qc7 14. Rde1 O-O-O
15. Nd2 dxe5 16. dxe5 Nd5 17. Ndb1 Kb8 18. Bc4 Qa5 19. a3 Nxc3 20. Nxc3 Bxc4 21.
Qxc4 Bxe5 22. Re3 e6 23. Rhe1 Bg7 24. f4 Bd4 25. Rd3 Qc5 26. Qxc5 Bxc5 27. Rf3
g4 28. Rff1 Rde8 29. Ne4 Be7 30. Nf2 h5 31. Nd3 Bd6 32. Ne5 Bxe5 33. Rxe5 f6 34.
Re3 Kc7 35. Kd2 Kd7 36. Rfe1 h4 37. gxh4 Rxh4 38. g3 Rh2+ 39. Kc3 Rh5 40. Rd3+
Rd5 41. Rde3 Rh5 42. Rd3+ Ke7 43. Red1 Kf7 44. b4 e5 45. Rf1 Rf5 46. Kd2 exf4
47. Rxf4 Rxf4 48. gxf4 Kg6 0-1

[Event "TCh-TUR Super League 2014"]
[Site "Kocaeli TUR"]
[Date "2014.08.28"]
[Round "12.3"]
[Board "4"]
[White "Akcan, Umit"]
[Black "Demiral, Abdulkadir"]
[Result "1-0"]
[WhiteElo "2045"]
[BlackElo "1699"]
[WhiteTeam "T.S. Alyans Satranc Spor Kulubu"]
[BlackTeam "Aliaga Genclik VE Spor Kulubu Dernegi"]
[WhiteFideId "6301371"]
[BlackFideId "6349021"]
[EventDate "2014.08.18"]

1. e4 e6 2. d4 d5 3. Nd2 Nc6 4. Ngf3 Nf6 5. e5 Nd7 6. Be2 f6 7. exf6 Qxf6 8. Nf1
Bd6 9. Ne3 O-O 10. O-O Bf4 11. c3 Ne7 12. Ng4 Qf5 13. h3 Ng6 14. Bd3 Qh5 15.
Bxg6 Qxg6 16. Bxf4 Rxf4 17. Nge5 Nxe5 18. Nxe5 Qe8 19. Qd2 Rf6 20. Rfe1 Bd7 21.
Re3 Qe7 22. Rae1 Raf8 23. Ng4 Rg6 24. Qe2 Re8 25. f4 Rf8 26. g3 c5 27. Ne5 Rh6
28. h4 cxd4 29. cxd4 Be8 30. Ng4 Rg6 31. h5 Bb5 32. Qf3 Rg5 33. a3 Bd7 34. Ne5
Bc8 35. Nd3 Qf7 36. Re5 Rf5 37. R1e3 Qc7 38. Qe2 b6 39. Nf2 Qc1+ 40. Kg2 Bd7 41.
Rc3 Rxe5 42. Qxe5 Qxb2 43. Rc7 Qb5 44. Rxa7 Rc8 45. Qd6 Rc1 46. Ra8+ Be8 47.
Qxe6+ Kf8 48. Qd6+ Kg8 49. Qe7 Qf1+ 50. Kf3 Rc3+ 51. Kg4 Qe2+ 52. Qxe2 1-0

[Event "TCh-TUR Super League 2014"]
[Site "Kocaeli TUR"]
[Date "2014.08.28"]
[Round "12.3"]
[Board "8"]
[White "Soydan, Busra"]
[Black "Ozaltun, Gokce"]
[Result "1/2-1/2"]
[WhiteElo "1762"]
[BlackElo "1433"]
[WhiteTeam "T.S. Alyans Satranc Spor Kulubu"]
[BlackTeam "Aliaga Genclik VE Spor Kulubu Dernegi"]
[WhiteFideId "6318673"]
[BlackFideId "6345069"]
[EventDate "2014.08.18"]

1. e4 c5 2. Nf3 d6 3. d4 cxd4 4. Qxd4 Nc6 5. Bb5 a6 6. Bxc6+ bxc6 7. O-O e5 8.
Qd3 Nf6 9. Rd1 Be7 10. c4 Qc7 11. Nc3 O-O 12. h3 Rd8 13. Be3 Rb8 14. b3 h6 15.
Rac1 a5 16. Qc2 Be6 17. Na4 Rdc8 18. Qd3 Rd8 19. Nc3 Bc8 20. Qb1 Ba6 21. Na4 Bf8
22. Rd2 c5 23. Qc2 Qc6 24. Nc3 Re8 25. Nh4 Bb7 26. Nd5 Nxd5 27. cxd5 Qc7 28. Qd1
Qd8 29. Qg4 Bc8 30. Qg3 Kh8 31. f3 Be7 32. Nf5 Bxf5 33. exf5 Bg5 34. Qf2 Bxe3
35. Qxe3 Qf6 36. g4 h5 37. Rg2 Rb4 38. Rc4 Reb8 39. Qe4 Rxc4 40. bxc4 hxg4 41.
hxg4 Qg5 42. Qc2 Qe3+ 1/2-1/2

[Event "TCh-TUR Super League 2014"]
[Site "Kocaeli TUR"]
[Date "2014.08.28"]
[Round "12.3"]
[Board "9"]
[White "Karaoglan, Kivanc"]
[Black "Dedebas, Emre Emin"]
[Result "0-1"]
[WhiteElo "1903"]
[BlackElo "1868"]
[WhiteTeam "Aliaga Genclik VE Spor Kulubu Dernegi"]
[BlackTeam "T.S. Alyans Satranc Spor Kulubu"]
[WhiteFideId "6329152"]
[BlackFideId "6349005"]
[EventDate "2014.08.18"]

1. d4 d5 2. c4 dxc4 3. Nf3 a6 4. a4 Nc6 5. Bf4 Nf6 6. Nc3 Bf5 7. g3 e6 8. Bg2
Nd5 9. O-O Nxc3 10. bxc3 Be4 11. Bh3 Bd6 12. Bxd6 cxd6 13. Nd2 Bg6 14. Nxc4 d5
15. Nd2 O-O 16. e4 dxe4 17. Qe2 Qa5 18. Rfc1 e5 19. Nc4 Qd8 20. d5 Qxd5 21. Nb6
Qd3 22. Qxd3 exd3 23. Nxa8 Rxa8 24. a5 e4 25. Ra4 Rd8 26. Rd1 f5 27. Bg2 Bf7 28.
Rd2 Ne5 29. Rd4 Rxd4 30. cxd4 Nc4 31. Rd1 Nxa5 32. f3 Bb3 33. Ra1 d2 34. fxe4
fxe4 35. Bxe4 d1=Q+ 36. Rxd1 Bxd1 37. d5 Nc4 38. Kf2 Nd6 39. Bd3 Bb3 40. Ke3
Bxd5 41. Kd4 Bc6 42. Kc5 Ne4+ 43. Kb6 Nf6 44. Bxa6 bxa6 45. Kxc6 Kf7 46. Kb6 Kg6
47. Kxa6 Kf5 48. Kb6 Ng4 49. h4 Ne3 50. Kc6 Nf1 51. Kd6 Nxg3 52. Ke7 Kg4 53. Kf7
h5 54. Kxg7 Kxh4 55. Kf6 Kg4 56. Ke5 h4 57. Kd4 h3 58. Ke3 h2 59. Kf2 h1=Q 0-1

[Event "TCh-TUR Super League 2014"]
[Site "Kocaeli TUR"]
[Date "2014.08.28"]
[Round "12.3"]
[Board "10"]
[White "Ozbay, Ece"]
[Black "Ozaltun, Ecem"]
[Result "1-0"]
[WhiteElo "1611"]
[BlackElo "1531"]
[WhiteTeam "T.S. Alyans Satranc Spor Kulubu"]
[BlackTeam "Aliaga Genclik VE Spor Kulubu Dernegi"]
[WhiteFideId "6351743"]
[BlackFideId "6345050"]
[EventDate "2014.08.18"]

1. e4 c5 2. Nf3 d6 3. d4 cxd4 4. Qxd4 Nc6 5. Bb5 Bd7 6. Bxc6 Bxc6 7. Nc3 e6 8.
Bg5 Qc7 9. O-O-O h6 10. Bh4 a6 11. Rhe1 Rc8 12. Nd2 b5 13. f4 Ne7 14. Bxe7 Qxe7
15. Nd5 Qb7 16. Nb3 Bd7 17. Na5 Qb8 18. Nb6 Rc7 19. Rd3 Qd8 20. Kb1 f6 21. f5 e5
22. Qf2 Be7 23. Nd5 Rxc2 24. Qxc2 Qxa5 25. Nc7+ Kf7 26. Qb3+ Kf8 27. Rc1 Qa4 28.
Qd5 Qa5 29. Qa8+ Kf7 30. Qxh8 Qb6 31. Ne6 Bxe6 32. fxe6+ Kxe6 33. Qg8+ Kd7 34.
Qc8# 1-0

[Event "TCh-TUR Super League 2014"]
[Site "Kocaeli TUR"]
[Date "2014.08.28"]
[Round "12.4"]
[Board "1"]
[White "Alekseev, Evgeny"]
[Black "Mchedlishvili, Mikheil"]
[Result "1/2-1/2"]
[WhiteTitle "GM"]
[BlackTitle "GM"]
[WhiteElo "2675"]
[BlackElo "2618"]
[WhiteTeam "Antalya Calli Spor Kulubu"]
[BlackTeam "Tarsus Zeka Satranc Kulubu"]
[WhiteFideId "4138147"]
[BlackFideId "13600966"]
[EventDate "2014.08.18"]

1. e4 c5 2. Nf3 e6 3. d4 cxd4 4. Nxd4 Nc6 5. Nc3 a6 6. Be2 d6 7. O-O Nf6 8. Be3
Be7 9. f4 O-O 10. Qe1 Nxd4 11. Bxd4 b5 12. Bf3 Bb7 13. Rd1 Qc7 14. e5 Ne8 15.
Bxb7 Qxb7 16. Ne4 d5 17. Ng5 Rc8 18. Rd2 Rc4 19. Qe2 g6 20. Nf3 1/2-1/2

[Event "TCh-TUR Super League 2014"]
[Site "Kocaeli TUR"]
[Date "2014.08.28"]
[Round "12.4"]
[Board "2"]
[White "Miroshnichenko, Evgenij"]
[Black "Safarli, Eltaj"]
[Result "1/2-1/2"]
[WhiteTitle "GM"]
[BlackTitle "GM"]
[WhiteElo "2602"]
[BlackElo "2649"]
[WhiteTeam "Tarsus Zeka Satranc Kulubu"]
[BlackTeam "Antalya Calli Spor Kulubu"]
[WhiteFideId "14102595"]
[BlackFideId "13402129"]
[EventDate "2014.08.18"]

1. Nf3 d5 2. g3 Nf6 3. Bg2 c6 4. c4 g6 5. O-O Bg7 6. cxd5 cxd5 7. d4 O-O 8. Ne5
Ne4 9. Nd2 Nxd2 10. Bxd2 Nd7 11. Bb4 Nxe5 12. dxe5 Bxe5 13. Qxd5 Qxd5 14. Bxd5
Bxb2 15. Bxe7 Re8 16. Rab1 Rxe7 17. Rxb2 Rb8 18. Rc1 b6 19. Rbc2 Bb7 20. e4 Bxd5
21. exd5 Rd7 22. Rc7 Rxc7 23. Rxc7 Rd8 24. Rxa7 Rxd5 25. Ra6 Rd2 26. Kg2 1/2-1/2

[Event "TCh-TUR Super League 2014"]
[Site "Kocaeli TUR"]
[Date "2014.08.28"]
[Round "12.4"]
[Board "3"]
[White "Yurtseven, Melih"]
[Black "Goksel, Doga Cihan"]
[Result "1/2-1/2"]
[WhiteElo "2271"]
[BlackElo "2222"]
[WhiteTeam "Antalya Calli Spor Kulubu"]
[BlackTeam "Tarsus Zeka Satranc Kulubu"]
[WhiteFideId "6312160"]
[BlackFideId "6301924"]
[EventDate "2014.08.18"]

1. e4 c5 2. Nf3 e6 3. g3 d5 4. exd5 exd5 5. d4 Nf6 6. Bg2 Be7 7. O-O O-O 8. h3
Nc6 9. dxc5 Bxc5 10. Nbd2 Bb6 11. Nb3 Ne4 12. Nfd4 Re8 13. c3 Qf6 14. Qh5 Re5
15. Qf3 Qg6 16. Bf4 Rh5 17. Kh2 Bg4 18. Qe3 Bxh3 19. Rh1 Nf6 20. Kg1 Re8 21. Qd2
Bd7 22. Rxh5 Qxh5 23. Re1 Rxe1+ 24. Qxe1 h6 25. Nf3 Ng4 26. Nbd4 Nxd4 27. cxd4
Bb5 28. Qc3 Qf5 29. Bh3 g5 30. Be3 Kg7 31. Nd2 Qe6 32. b3 f5 33. Bxg4 fxg4 34.
a4 1/2-1/2

[Event "TCh-TUR Super League 2014"]
[Site "Kocaeli TUR"]
[Date "2014.08.28"]
[Round "12.4"]
[Board "4"]
[White "Ozkan, Ervin"]
[Black "Ertan, Can"]
[Result "1/2-1/2"]
[BlackTitle "FM"]
[WhiteElo "2215"]
[BlackElo "2246"]
[WhiteTeam "Tarsus Zeka Satranc Kulubu"]
[BlackTeam "Antalya Calli Spor Kulubu"]
[WhiteFideId "6306004"]
[BlackFideId "6306330"]
[EventDate "2014.08.18"]

1. d4 c5 2. c3 Qa5 3. dxc5 Qxc5 4. e4 Nf6 5. Be3 Qc7 6. f3 d5 7. exd5 Qe5 8. Qd4
Qxd4 9. Bxd4 Nxd5 10. Bc4 e6 11. Ne2 Nc6 12. Bf2 Bd6 13. Nd2 O-O 14. Ne4 Bc7 15.
Rd1 Ne5 16. Bxd5 exd5 17. Nc5 Re8 18. Nd3 b6 19. Nxe5 Bxe5 20. Bg3 Ba6 21. Rd2
Bxg3+ 22. hxg3 d4 23. cxd4 Rac8 24. Kf2 Bxe2 25. Rxe2 Rxe2+ 26. Kxe2 Rc2+ 27.
Kd3 Rxg2 28. d5 Rxg3 29. Ke4 Kf8 30. Rxh7 Rg2 31. Rh8+ Ke7 32. Ra8 a5 33. b3
Rxa2 34. Rb8 Rb2 35. Rxb6 a4 36. Rb7+ Ke8 37. Rb8+ Ke7 38. Rb7+ Ke8 39. Rb8+ Kd7
40. Rb7+ 1/2-1/2